000 00351nam a2200133Ia 4500
008 231221s9999 xx 000 0 und d
020 _a978-1-4419-1176-6
041 _aEnglish
100 _aManuel Hohenauer, Rainer Leupers
245 0 _aC Compilers for ASIPs
260 _c2010
_bSpringer US
_aNew York
650 _aComputer Science
942 _cEB
999 _c218533
_d218533